LEADER 02470nam0 2200565 i 450 001 VAN0115382 005 20220316121717.253 010 $a978-03-87791-06-7 100 $a20180307d2016 |0itac50 ba 101 $aeng 102 $aUS 105 $a|||| ||||| 200 1 $aStatistical methods for quality assurance$ebasics, measurement, control, capability, and improvement$fStephen B. Vardeman, J. Marcus Jobe 205 $a2. ed 210 $aNew York$cSpringer$d2016 215 $aXIV, 437 p.$cill.$d24 cm 410 1$1001VAN0036791$12001 $aSpringer texts in statistics$1210 $aBerlin [etc.]$cSpringer 500 1$3VAN0243185$aStatistical Quality Assurance Methods for Engineer$92789785 606 $a62F10$xPoint estimation [MSC 2020]$3VANC021207$2MF 606 $a62-XX$xStatistics [MSC 2020]$3VANC022998$2MF 606 $a62J05$xLinear regression; mixed models [MSC 2020]$3VANC023156$2MF 606 $a62Axx$xFoundational topics in statistics [MSC 2020]$3VANC025026$2MF 606 $a62P30$xApplications of statistics in engineering and industry; control charts [MSC 2020]$3VANC030774$2MF 606 $a62K05$xOptimal statistical designs [MSC 2020]$3VANC033803$2MF 610 $aANOVA methodology$9KW:K 610 $aBoundary element method$9KW:K 610 $aConfidence Interval$9KW:K 610 $aContinuous data$9KW:K 610 $aDiscrete data$9KW:K 610 $aExperiment design$9KW:K 610 $aGage Capability Ratio$9KW:K 610 $aMeasurement$9KW:K 610 $aMeasurement effectiveness$9KW:K 610 $aQuality assurance$9KW:K 610 $aQuality control$9KW:K 610 $aR code$9KW:K 610 $aRepeatability$9KW:K 610 $aReproducibility$9KW:K 620 $aUS$dNew York$3VANL000011 700 1$aVardeman$bStephen B.$3VANV089292$0756084 701 1$aJobe$bJ. Marcus$3VANV089293$0756085 712 $aSpringer $3VANV108073$4650 801 $aIT$bSOL$c20240614$gRICA 856 4 $uhttp://dx.doi.org/10.1007/978-0-387-79106-7$zE-book ? Accesso al full-text attraverso riconoscimento IP di Ateneo, proxy e/o Shibboleth 899 $aBIBLIOTECA CENTRO DI SERVIZIO SBA$2VAN15 912 $fN 912 $aVAN0115382 950 $aBIBLIOTECA CENTRO DI SERVIZIO SBA$d15CONS SBA EBOOK 2520 $e15EB 2520 20180307 996 $aStatistical Quality Assurance Methods for Engineer$92789785 997 $aUNICAMPANIA LEADER 02010nam0 22005053i 450 001 VAN00283558 005 20250128032029.974 017 70$2N$a9783030921590 100 $a20241202d2022 |0itac50 ba 101 $aeng 102 $aCH 105 $a|||| ||||| 181 $ai$b e 182 $ab 183 $acr 200 1 $aHigh-Energy Astrophysics$eA Primer$fJorge Ernesto Horvath 210 $aCham$cSpringer$d2022 215 $axii, 275 p.$cill.$d24 cm 410 1$1001VAN00117860$12001 $aUndergraduate lecture notes in physics$1210 $aBerlin [etc.]$cSpringer$d2011- 606 $a00A79 (77-XX)$xPhysics [MSC 2020]$3VANC023182$2MF 606 $a81V35$xNuclear physics [MSC 2020]$3VANC023270$2MF 606 $a83-XX$xRelativity and gravitational theory [MSC 2020]$3VANC023243$2MF 606 $a85-XX$xAstronomy and Astrophysics [MSC 2020]$3VANC023246$2MF 610 $aAccretion Physics$9KW:K 610 $aActive Galactic Nuclei$9KW:K 610 $aBlack holes$9KW:K 610 $aGamma ray bursts$9KW:K 610 $aGravitational Waves$9KW:K 610 $aHigh-Energy Astrophysics$9KW:K 610 $aNeutrino astrophysics$9KW:K 610 $aNeutron Stars$9KW:K 610 $aStellar Evolution$9KW:K 610 $aSupernovae$9KW:K 610 $aWhite Dwarfs$9KW:K 620 $aCH$dCham$3VANL001889 700 1$aHorvath$bJorge Ernesto$3VANV237146$01082152 712 $aSpringer $3VANV108073$4650 801 $aIT$bSOL$c20250606$gRICA 856 4 $uhttps://doi.org/10.1007/978-3-030-92159-0$zE-book ? Accesso al full-text attraverso riconoscimento IP di Ateneo, proxy e/o Shibboleth 899 $aBIBLIOTECA DEL DIPARTIMENTO DI MATEMATICA E FISICA$1IT-CE0120$2VAN08 912 $fN 912 $aVAN00283558 950 $aBIBLIOTECA DEL DIPARTIMENTO DI MATEMATICA E FISICA$d08DLOAD e-Book 9961 $e08eMF9961 20241211 996 $aHigh-Energy Astrophysics$92597047 997 $aUNICAMPANIA